ၶၢဝ်းတၢင်းသီႇႁူဝ်ႇမၢႆ-10 (Record no. 6175)
[ view plain ]
| 000 -LEADER | |
|---|---|
| fixed length control field | 00866nam a22002057a 4500 |
| 003 - CONTROL NUMBER IDENTIFIER | |
| control field | OSt |
| 005 - DATE AND TIME OF LATEST TRANSACTION | |
| control field | 20260128094143.0 |
| 008 - FIXED-LENGTH DATA ELEMENTS--GENERAL INFORMATION | |
| fixed length control field | 210803b ||||| |||| 00| 0 eng d |
| 040 ## - CATALOGING SOURCE | |
| Transcribing agency | OSt |
| 041 ## - LANGUAGE CODE | |
| Language code of text/sound track or separate title | Shan |
| 082 ## - DEWEY DECIMAL CLASSIFICATION NUMBER | |
| Classification number | 808.4 |
| 245 ## - TITLE STATEMENT | |
| Title | ၶၢဝ်းတၢင်းသီႇႁူဝ်ႇမၢႆ-10 |
| Statement of responsibility, etc. | ၸဝ်ႈၶူးတေဝိၼ်တႃၽိပႃလ (---လႄႈတၢင်ႇပႃး) ႁၢင်ႈၶိူင်ႈပပ်ႉ |
| 260 ## - PUBLICATION, DISTRIBUTION, ETC. | |
| Place of publication, distribution, etc. | တႃႈၵုင်ႈ |
| Name of publisher, distributor, etc. | [ဢမ်ႇပႃးတီႈ] |
| Date of publication, distribution, etc. | 2008 |
| 300 ## - PHYSICAL DESCRIPTION | |
| Extent | xix၊ 439 ၼႃႈ |
| Other physical details | ပႃးၶႅင်းႁၢင်ႈ (သီ)၊ လွၵ်း |
| Dimensions | 22 ၸိၼ်ႇထီႇ |
| 500 ## - GENERAL NOTE | |
| General note | S-SAT: Dr. Prof Sai Aung Tun |
| 650 ## - SUBJECT ADDED ENTRY--TOPICAL TERM | |
| Topical term or geographic name entry element | လိၵ်ႈႁွမ်တွမ် (article) |
| 942 ## - ADDED ENTRY ELEMENTS (KOHA) | |
| Koha item type | Books (Long term) |
| 501 ## - WITH NOTE | |
| With note | ပႃးၽိုၼ်ဢိင် |
| Source of classification or shelving scheme | |
| Withdrawn status | Lost status | Source of classification or shelving scheme | Damaged status | Not for loan | Collection Code | Permanent Location | Current Location | Shelving location | Date acquired | Total Checkouts | Full call number | Barcode | Date last seen | Date last checked out | Copy number | Price effective from | Koha item type | Accession |
|---|---|---|---|---|---|---|---|---|---|---|---|---|---|---|---|---|---|---|
| Tai Collection | Shan State Buddhist University Library | Shan State Buddhist University Library | Tai Shelves | 03/08/2021 | 3 | 808.4 ၶၢဝ်း ႓႔႙(1) | SH00000349 | 04/02/2025 | 01/02/2025 | 1 | 03/08/2021 | Books (Long term) | ႓႔႙(1) | |||||
| Tai Collection | Shan State Buddhist University Library | Shan State Buddhist University Library | Tai Shelves | 03/08/2021 | 808.4 ၶၢဝ်း ႕႕႒(2) | SH00000552 | 03/08/2021 | 2 | 03/08/2021 | Books (Long term) | ႕႕႒(2) | |||||||
| Tai Collection | Shan State Buddhist University Library | Shan State Buddhist University Library | Tai Shelves | 03/08/2021 | 808.4 ၶၢဝ်း ႕႕႓(3) | SH00000553 | 03/08/2021 | 3 | 03/08/2021 | Books (Long term) | ႕႕႓(3) | |||||||
| Tai Collection | Shan State Buddhist University Library | Shan State Buddhist University Library | Tai Shelves | 03/08/2021 | 808.4 ၶၢဝ်း ႕႕႔(4) | SH00000554 | 03/08/2021 | 4 | 03/08/2021 | Books (Long term) | ႕႕႔(4) | |||||||
| Tai Collection | Shan State Buddhist University Library | Shan State Buddhist University Library | Tai Shelves | 03/08/2021 | 808.4 ၶၢဝ်း ႓႔႘(5) | SH00000348 | 03/08/2021 | 5 | 03/08/2021 | Books (Long term) | ႓႔႘(5) | |||||||
| Tai Collection | Shan State Buddhist University Library | Shan State Buddhist University Library | Tai Shelves | 03/08/2021 | 5 | 808.4 ၶၢဝ်း ႕႕႑(6) | SH00000551 | 11/02/2026 | 27/01/2026 | 6 | 03/08/2021 | Books (Long term) | ႕႕႑(6) | |||||
| Tai Collection | Shan State Buddhist University Library | Shan State Buddhist University Library | Tai Shelves | 03/08/2021 | 808.4 ၶၢဝ်း ႑႗႒႗ S-SAT | SH00001727 | 03/08/2021 | 03/08/2021 | Book (Short term) | ႑႗႒႗ S-SAT |